Icon Squads- das beste Team aller Zeiten zum Verein- #1 FC Bayern - Statistiken

Allgemein
  • Dieses Quiz wurde 38 mal gespielt
  • Das Durchschnittsergebnis liegt bei 21 aus 30
Antwortstatistiken
Position Nationalität für Bayern aktiv Alter Spieler % Korrekt
Tor Deutschland 2011- heute 40 Manuel Neuer
100%
Tor Deutschland 1994-2008 56 Oliver Kahn
100%
Stürmer Deutschland 1964-1979 †75 Gerd Müller
94%
Stürmer Deutschland 2000-2025 36 Thomas Müller
94%
Mittelfeld Deutschland 2002-2015 41 Bastian Schweinsteiger
91%
Stürmer Polen 2014-2022 37 Robert Lewandowski
91%
Rechtsaußen Niederlande 2009-2019 42 Arjen Robben
88%
Linksaußen Frankreich 2007-2019 43 Franck Ribery
88%
Libero Deutschland 1964-1977 †78 Franz Beckenbauer
88%
Innenverteidiger Deutschland 2011-2021 37 Jerome Boateng
88%
Rechtsverteidiger Deutschland 2001-2017 42 Philipp Lahm
85%
Mittelfeld Deutschland 1984-1988; 1992-2000 65 Lothar Matthäus
82%
Tor Deutschland 1959-1979 82 Sepp Maier
79%
Innenverteidiger Deutschland 2003-2019 37 Mats Hummels
76%
Rechtsverteidiger Brasilien 2011-2019 40 Rafinha
71%
Innenverteidiger Brasilien 2004-2009 47 Lucio
68%
Stürmer Brasilien 1997-2003 53 Giovane Elber
65%
Stürmer Deutschland 1974-1984 70 Karl-Heinz Rummenigge
65%
Rechtsaußen Deutschland 1970-1979 74 Uli Hoeneß
65%
Linkes Mittelfeld Brasilien 2002-2006; 2007-2009 51 Ze Roberto
62%
Mittelfeld Niederlande 2006-2011 49 Mark van Bommel
59%
Mittelfeld Spanien 2013-2020 35 Thiago Alcantara
59%
Linksverteidiger Frankreich 1997-2004; 2005-2006 56 Bixente Lizarazu
53%
Mittelfeld Deutschland 1992-2007 55 Mehmet Scholl
50%
Libero Deutschland 1976-1991 68 Klaus Augenthaler
47%
Linksverteidiger Deutschland 1970-74; 1978-1983 74 Paul Breitner
47%
Innenverteidiger Ghana 1994-2005 49 Samuel Kuffour
47%
Mittelfeld Deutschland 1990-1992; 1998- 2002 57 Stefan Effenberg
47%
Innenverteidiger Deutschland 1966-1981 78 Georg Schwarzenbeck
35%
Mittelfeld Deutschland 1966-1978 80 Franz Roth
24%
Keine übereinstimmenden Quizze gefunden
Verteilung der Resultate
Anzahl Personen mit jedem Resultat
Perzentil nach korrekt beantworteten Fragen
Ihre Resultats-Entwicklung
Sie haben dieses Quiz noch nicht gespielt